000 00516nam a2200145Ia 4500
008 100204s9999 xx 000 0 und d
082 _b19578
100 _aरणसिंग मोहन
245 _aटयांबावरची ठाकरं
260 _b"दिव्यदीप प्रकाशन, सावंतवाडी"
_c1996
300 _a116
630 _aटयांबावरची ठाकरं
730 _aटयांबावरची ठाकरं
942 _cBOOK
999 _c464000
_d463997